The dangerous and the endangered / (Record no. 252)

MARC details
000 -LEADER
fixed length control field 00865nam a22002658a 4500
005 - DATE AND TIME OF LATEST TRANSACTION
control field 20260322212012.0
008 - FIXED-LENGTH DATA ELEMENTS--GENERAL INFORMATION
fixed length control field data
010 ## - LIBRARY OF CONGRESS CONTROL NUMBER
LC control number 84028921
020 ## - INTERNATIONAL STANDARD BOOK NUMBER
International Standard Book Number 0669021849 (alk. paper)
020 ## - INTERNATIONAL STANDARD BOOK NUMBER
International Standard Book Number 9780669021844 (alk. paper)
040 ## - CATALOGING SOURCE
Modifying agency CLSU-l
-- CLSU-l
043 ## - GEOGRAPHIC AREA CODE
Geographic area code n-us-oh
050 0# - LIBRARY OF CONGRESS CALL NUMBER
Classification number HV6025
Item number .C593 1985
001 - CONTROL NUMBER
control field data
100 1# - MAIN ENTRY--PERSONAL NAME
Personal name Conrad, John Phillips,
Dates associated with a name 1913-
245 14 - TITLE STATEMENT
Title The dangerous and the endangered /
Statement of responsibility, etc. John P. Conrad.
260 0# - PUBLICATION, DISTRIBUTION, ETC.
Place of publication, distribution, etc. Lexington, Mass. :
Name of publisher, distributor, etc. Lexington Books,
Date of publication, distribution, etc. c1985.
300 ## - PHYSICAL DESCRIPTION
Extent xiv, 153 p. ;
Dimensions 24 cm.
504 ## - BIBLIOGRAPHY, ETC. NOTE
Bibliography, etc. note Includes bibliographies and index.
590 ## - LOCAL NOTE (RLIN)
Local note Includes bibliographies and index.
650 #0 - SUBJECT ADDED ENTRY--TOPICAL TERM
Topical term or geographic name entry element Criminal justice, Administration of.
650 #0 - SUBJECT ADDED ENTRY--TOPICAL TERM
Topical term or geographic name entry element Violent crimes
General subdivision Prevention.
650 #0 - SUBJECT ADDED ENTRY--TOPICAL TERM
Topical term or geographic name entry element Criminal justice, Administration of
Geographic subdivision Columbus.
-- Columbus.
650 #0 - SUBJECT ADDED ENTRY--TOPICAL TERM
Topical term or geographic name entry element Violent crimes
Geographic subdivision Columbus
-- Columbus
General subdivision Prevention.
Holdings
Withdrawn status Lost status Damaged status Not for loan Home library Current library Shelving location Date acquired Total checkouts Full call number Barcode Date last seen Price effective from Koha item type
        Midway Midway General stacks 22/03/2026   HV6025 .C593 1985 BC0010261 22/03/2026 22/03/2026 Books